| 000 | 01000nam a22002657a 4500 | ||
|---|---|---|---|
| 005 | 20240530110553.0 | ||
| 008 | 160220s2012 ua a g b 000 0 ara d | ||
| 017 |
_a2012/2749 _bمصر . دار الكتب المصرية . |
||
| 020 | _a9772328658 | ||
| 040 | _aEG-CaGPL | ||
| 082 | 0 | 4 |
_221 _a370.152\ _bم ت |
| 100 | 0 | _aمجدى عزيز ابراهيم . | |
| 245 | 1 | 2 |
_aالتفكير الجانبى : _bتقنياته التربوية و مواده التعليمية / _cمجدى عزيز ابراهيم . |
| 250 | _aط1. | ||
| 260 |
_aالقاهرة : _bعالم الكتب ، _c2013 . |
||
| 300 |
_a374 ص ؛ _c24 سم . |
||
| 490 | _aسلسلة التفكير و التعليم و التعلم ، 11 . | ||
| 504 | _aببليوجرافية : ص 365 - 374 | ||
| 650 | 0 | 4 | _aالتفكير . |
| 650 | 0 | 4 | _aالعصف الذهني |
| 650 | 0 | 4 | _aعلم النفس التربوى . |
| 650 | 0 | 4 | _aالابداع . |
| 942 |
_2ddc _cBK |
||
| 999 |
_c62494 _d62494 |
||